Investigating communication : (Record no. 347375)
[ view plain ]
| 000 -LEADER | |
|---|---|
| fixed length control field | 01620 a2200217 4500 |
| 020 ## - INTERNATIONAL STANDARD BOOK NUMBER | |
| International Standard Book Number | 0135034264 (hardcover) |
| 020 ## - INTERNATIONAL STANDARD BOOK NUMBER | |
| International Standard Book Number | 9780135034262 (hardcover) |
| 082 04 - DEWEY DECIMAL CLASSIFICATION NUMBER | |
| Classification number | 302.2072 |
| 090 ## - LOCALLY ASSIGNED LC-TYPE CALL NUMBER (OCLC); LOCAL CALL NUMBER (RLIN) | |
| -- | 4946 |
| -- | 4946 |
| 100 1# - MAIN ENTRY--PERSONAL NAME | |
| Personal name | Frey, Lawrence R. |
| 245 10 - TITLE STATEMENT | |
| Title | Investigating communication : |
| Remainder of title | an introduction to research methods / |
| Statement of responsibility, etc. | Lawrence R. Frey, Carl H. Botan, Paul G. Friedman, Gary L. Kreps. |
| 250 ## - EDITION STATEMENT | |
| Edition statement | 1st ed. |
| 260 ## - PUBLICATION, DISTRIBUTION, ETC. | |
| Place of publication, distribution, etc. | [S.l.] : |
| Name of publisher, distributor, etc. | Prentice Hall College Div, |
| Date of publication, distribution, etc. | 1990. |
| 300 ## - PHYSICAL DESCRIPTION | |
| Extent | 416 p. ; |
| Dimensions | 24 cm. |
| 520 ## - SUMMARY, ETC. | |
| Summary, etc. | This book provides a comprehensive, balanced introduction to communication research methods. Designed for readers who have little or no familiarity with research methods, this book helps one become a more knowledgeable and competent consumer (and limited producer) of scholarly research and of the everyday research to which they are exposed by the mass media. Praised for its accessible writing and extensive real-life examples, this book takes a step-by-step approach through the communication research process. Investigating Communication shows how communication research is conducted from start to finish, with the book's organization modeled after a traditional research study. By making the material accessible rather than impossible to learn, readers become excited about studying research methods. For anyone interested in the introductory methods of communication research. |
| 700 1# - ADDED ENTRY--PERSONAL NAME | |
| Personal name | Botan, Carl H. |
| 700 1# - ADDED ENTRY--PERSONAL NAME | |
| Personal name | Friedman, Paul G. |
| 700 1# - ADDED ENTRY--PERSONAL NAME | |
| Personal name | Kreps, Gary L. |
| 856 40 - ELECTRONIC LOCATION AND ACCESS | |
| Materials specified | Amazon.com |
| Uniform Resource Identifier | <a href="http://www.amazon.com/exec/obidos/ASIN/0135034264/chopaconline-20">http://www.amazon.com/exec/obidos/ASIN/0135034264/chopaconline-20</a> |
| 942 ## - ADDED ENTRY ELEMENTS (KOHA) | |
| Institution code [OBSOLETE] | NBS |
| Koha item type | Book |
| Call number prefix | 302.2072 FRE |
| Withdrawn status | Lost status | Damaged status | Not for loan | Permanent Location | Current Location | Date acquired | Total Checkouts | Full call number | Barcode | Date last seen | Date last checked out | Price effective from | Koha item type |
|---|---|---|---|---|---|---|---|---|---|---|---|---|---|
| Central Library (CL) | Central Library (CL) | 08/28/2013 | 2 | 302.2072 FRE | NBS3851 | 11/22/2017 | 07/20/2017 | 08/28/2013 | Book |
